Poucher's perfumes, cosmetics, and soaps / (Record no. 25475)
[ view plain ]
| 000 -LEADER | |
|---|---|
| fixed length control field | 01206cam a22003135a 4500 |
| 001 - CONTROL NUMBER | |
| control field | 13605337 |
| 005 - DATE AND TIME OF LATEST TRANSACTION | |
| control field | 20171011122516.0 |
| 008 - FIXED-LENGTH DATA ELEMENTS--GENERAL INFORMATION | |
| fixed length control field | 040525t2000 ne a frb 001 0 eng d |
| 020 ## - INTERNATIONAL STANDARD BOOK NUMBER | |
| International Standard Book Number | 0751404799 |
| 020 ## - INTERNATIONAL STANDARD BOOK NUMBER | |
| International Standard Book Number | 9780751404791 |
| 040 ## - CATALOGING SOURCE | |
| Original cataloging agency | DLC |
| Transcribing agency | DLC |
| Modifying agency | DLC |
| -- | EG-ScBUE |
| Language of cataloging | eng |
| 082 04 - DEWEY DECIMAL CLASSIFICATION NUMBER | |
| Classification number | 668.5 |
| Edition number | 22 |
| Item number | POU |
| 245 00 - TITLE STATEMENT | |
| Title | Poucher's perfumes, cosmetics, and soaps / |
| Statement of responsibility, etc | edited by Hilda Butler. |
| 246 30 - VARYING FORM OF TITLE | |
| Title proper/short title | Perfumes, cosmetics, and soaps |
| 250 ## - EDITION STATEMENT | |
| Edition statement | 10th ed. |
| 260 ## - PUBLICATION, DISTRIBUTION, ETC. (IMPRINT) | |
| Place of publication, distribution, etc | Dordrecht ; |
| -- | Boston ; |
| -- | London : |
| Name of publisher, distributor, etc | Kluwer Academic Publishers, |
| Date of publication, distribution, etc | c.2000. |
| 300 ## - PHYSICAL DESCRIPTION | |
| Extent | xvi, 782 p. : |
| Other physical details | ill. ; |
| Dimensions | 25 cm. |
| 500 ## - GENERAL NOTE | |
| General note | "This ... is the tenth edition of what was formerly volume 3 [with title: Cosmetics] of the ninth edition"--T.p. verso. |
| 500 ## - GENERAL NOTE | |
| General note | Rev. ed. of v. 3 of: Perfumes, cosmetics, and soaps / W.A. Poucher. 1974-c1993. |
| 504 ## - BIBLIOGRAPHY, ETC. NOTE | |
| Bibliography, etc | Includes bibliographical references and index. |
| 650 #7 - SUBJECT ADDED ENTRY--TOPICAL TERM | |
| Topical term or geographic name as entry element | Cosmetics. |
| Source of heading or term | BUEsh |
| 650 #7 - SUBJECT ADDED ENTRY--TOPICAL TERM | |
| Topical term or geographic name as entry element | Cosmetics |
| General subdivision | Safety measures. |
| Source of heading or term | BUEsh |
| 653 ## - INDEX TERM--UNCONTROLLED | |
| Resource For college | Pharmacy |
| Arrived date list | October2017 |
| 655 ## - INDEX TERM--GENRE/FORM | |
| Form subdivision | Text book |
| -- | 33728 |
| 700 1# - ADDED ENTRY--PERSONAL NAME | |
| Personal name | Butler, Hilda, |
| Relator term | editor. |
| 700 1# - ADDED ENTRY--PERSONAL NAME | |
| Personal name | Poucher, W. A. |
| Fuller form of name | (William Arthur). |
| Title of a work | Perfumes, cosmetics, and soaps. |
| 730 0# - ADDED ENTRY--UNIFORM TITLE | |
| Uniform title | Cosmetics. |
| Version | 9th ed. |
| 942 ## - ADDED ENTRY ELEMENTS (KOHA) | |
| Source of classification or shelving scheme | Dewey Decimal Classification |
| Withdrawn status | Item status | Source of classification or shelving scheme | Damaged status | Not for loan | Vendor | Home library | Current library | Shelving location | Date acquired | Source of acquisition | Cost, normal purchase price | Total Checkouts | Full call number | Barcode | Date last seen | Koha item type | Checked out | Date last borrowed |
|---|---|---|---|---|---|---|---|---|---|---|---|---|---|---|---|---|---|---|
| Dewey Decimal Classification | Baccah | Central Library | Central Library | First floor | 11/10/2017 | Purchase | 3680.00 | 668.5 POU | 000042109 | 15/07/2025 | NB - Book (Non borrowing) | |||||||
| Dewey Decimal Classification | Baccah | Central Library | Central Library | First floor | 11/10/2017 | Purchase | 3680.00 | 1 | 668.5 POU | 000042110 | 15/07/2019 | Book - Borrowing | 22/09/2019 | 15/07/2019 | ||||
| Dewey Decimal Classification | Baccah | Central Library | Central Library | First floor | 11/10/2017 | Purchase | 3680.00 | 668.5 POU | 000042111 | 15/07/2025 | Book - Borrowing |